LEADER 00792nam0 2200253 450 001 9910993496203321 005 20250411095321.0 010 $a979-12-211-1037-1 100 $a20250411d2024----km y0itay50 ba 101 0 $aita 102 $aIT 105 $ay 001yy 200 1 $a<>contabilità generale tra tradizione e innovazione$ei processi amministrativi e il sistema amministrativo integrato$fPaola Saracino 210 $aTorino$cGiappichelli$d2024 215 $aXXIII, 453 p.$d24 cm 676 $a657$v23 700 1$aSaracino,$bPaola$0521176 801 0$aIT$bUNINA$gRICA$2UNIMARC 901 $aBK 912 $a9910993496203321 952 $aAZRAG444A$b5997$fDECBC 959 $aDECBC 996 $aContabilità generale tra tradizione e innovazione$94366303 997 $aUNINA